| 000 | 00508nam a2200157 i 4500 | ||
|---|---|---|---|
| 001 | 99291 | ||
| 003 | ES-MaACL | ||
| 005 | 20230906182455.0 | ||
| 007 | t| | ||
| 008 | 050906s1928 sp ||||1| spa d | ||
| 100 | 1 |
_aMartín y Alvarez, Carlos. _977681 |
|
| 245 | 1 | 3 |
_aEl avance de la provincia de Madrid en un quinquenio _b: 13 Septiembre 1923 a 13 Septiembre 1928 / _cCarlos Martín y Alvarez. |
| 260 |
_aMadrid : _bEditorial Ibérica, _c1928. |
||
| 300 |
_a76 p. ; _c24 cm. |
||
| 852 |
_aES-MaACL _j1732-F-30 |
||
| 999 |
_c99291 _d99291 |
||